01015cam a22003137i 450000100090000000300040000900500170001300800410003001000170007102000280008802000280011602500190014403700530016304000280021604200100024405000240025408200180027810000490029624500480034526400640039330000230045733600260048033700280050633800270053450000110056152000500057253000330062265100460065522961945OSt20231007115407.0230207s2022 ii 000 1 eng  a 2023335849 a9789356294585q(P-ISBN) z9789356294592q(E-ISBN) aI-E-2023335849 bLibrary of Congress -- New Delhi Overseas Office aDLCbengerdacDLCdDLC alcode00aMLCM 2023/50045 (P) a813.54bDIV/I1 aDivakaruni, Chitra Banerjee,d1956-eauthor.10aIndependence /cChitra Banerjee Divakaruni. 1aGurugram, Haryana :bHarperCollins Publishers India,c2022. a285 pages ;c23 cm atextbtxt2rdacontent aunmediatedbn2rdamedia avolumebnc2rdacarrier aNovel. aOn decolonization and partition of the India. aAlso available as an e-book. 0aIndiaxHistoryyPartition, 1947vFiction.